Hồ Xuân Hương, thơ và đời /

Saved in:
Bibliographic Details
Other Authors: Lữ Huy Nguyên (sưu tầm và tuyển chọn.)
Format: Book
Language:Vietnamese
Published: Hà Nội : Văn học, 1998.
Subjects:
Tags: Add Tag
No Tags, Be the first to tag this record!
Institutions: Mạng thư viện Đại học Đà Nẵng
LEADER 01032cam a2200361 i 4500
001 000046544
003 6042
005 20040507073651.0
008 010307b1998 vm 000 vie
020 |c 24000 
040 |a IRC  |c IRC  |d IRC 
041 0 |a vie 
082 1 4 |a 895.9212  |b Hô-X 
245 0 0 |a Hồ Xuân Hương, thơ và đời /  |c Lữ Huy Nguyên tuyển soạn và giới thiệu. 
260 |a Hà Nội :  |b Văn học,  |c 1998. 
300 |a 318tr. ;  |c 19cm. 
600 0 4 |a Hồ Xuân Hương,  |d thế kỷ 19. 
630 0 4 |a Phê bình văn học. 
630 0 4 |a Văn học Việt. 
630 0 4 |a Hồ Xuân Hương. 
650 0 4 |a Văn học Việt  |x Phê bình. 
650 0 4 |a Hồ Xuân Hương,  |y Thế kỷ 19. 
700 1 |a Lữ Huy Nguyên,  |e sưu tầm và tuyển chọn. 
OWN |a DUT 
999 |a From the UDN01 
TYP |a Monograph 
TYP |a Printed language 
980 |a Mạng thư viện Đại học Đà Nẵng